Canti di Castelvecchio
Gespeichert in:
| 1. Verfasser: | |
|---|---|
| Format: | Buch |
| Sprache: | Italian |
| Veröffentlicht: |
Italia
Ardoldo Mondadori Editore
1953
|
| Schlagworte: | |
| Tags: |
Tag hinzufügen
Keine Tags, Fügen Sie den ersten Tag hinzu!
|
MARC
| LEADER | 00000nam a2200000Ia 4500 | ||
|---|---|---|---|
| 008 | 170316s9999 xx 000 0 ita d | ||
| 999 | |c 8193 |d 8193 | ||
| 040 | |a cru BVZT | ||
| 090 | |a 850 P-3c | ||
| 100 | |a Pascoli, Giovanni | ||
| 245 | |a Canti di Castelvecchio |c / Giovanni Pascoli | ||
| 260 | |a Italia |b Ardoldo Mondadori Editore |c 1953 | ||
| 300 | |a 184 páginas | ||
| 650 | |a LITERATURA ITALIANA |9 212 | ||
| 650 | |a EN IDIOMA ITALIANO | ||
| 650 | |a POESÍA |9 18 | ||
| 942 | |c SALA |h 850 P-3c |2 z | ||
